000 00375nam a22001697a 4500
003 UA-OsUOA
001 4720
007 ta
008 20050721b un ||||| |||| 00| 0 ukr d
100 _aHalsey
700 _aWilliam D.
942 _cBK
040 _aUA-OsUOA
_cUA-OsUOA
_dUA-OsUOA
245 _aCollier's Encyclopedia. Vol. 19
_bReference
955 _a2
650 7 _2UDC
999 _c290882
_d290882